000 00799cab a2200265 4500
001 ABS47954
008 090401t1993 xxu||||| |||| 00| 0 eng d
035 _a(Sirsi) u64188
041 _aeng
100 _aHutton, M.
245 _aDo you have to live there?
260 _c1993
350 _a0
490 _aTaxation
_v130(3385) 7 January 1993, 310-314(5)
520 _aDiscusses how much actual occupation is required to gain the main residence exemption for capital gains tax. Includes examples.
650 _aCAPITAL GAINS TAX
650 _aEXEMPTION
650 _aPRIVATE RESIDENCE EXEMPTION
650 _aRESIDENTIAL PROPERTY
_96266
650 _aTAXATION OF CHARGEABLE GAINS ACT 1992
650 _aValuation
_96273
690 _aTAXATION
942 _n0
948 _c04/03/1997
999 _c39964
_d39964